El lenguaje y el pensamiento en el niño: estudio sobre logica en el nino I

Na minha lista:
Detalhes bibliográficos
Autor principal: Piaget, Jean (Author)
Formato: Livro
Idioma:espanhol
Publicado em: Buenos Aires Guadalupe 1973
Colecção:Biblioteca Pedagógica, 7
Assuntos:
Tags: Adicionar Tag
Sem tags, seja o primeiro a adicionar uma tag!

MARC

LEADER 00000nam a2200000 a 4500
001 UCW4682
003 CL-VaPUC
008 900619e19730000AG |||||||||||||||||spa|d
082 0 4 |a 153.4  |b PIA  |2 21 
100 0 |a Piaget, Jean  |e author  |9 308149 
245 1 3 |a El lenguaje y el pensamiento en el niño: estudio sobre logica en el nino I 
300 |a 214 p 
942 |c BK 
945 |d 19900619 00:00:00 
260 |a Buenos Aires  |b Guadalupe  |c 1973 
650 7 |a LENGUAJE DE LOS NIÑOS  |2 CL-VaPUC  |9 307440 
650 0 |a Cognición en niños  |9 307552 
583 |a last modification  |c 19900619 00:00:00  |k Rodrigo Vera 
490 0 |a Biblioteca Pedagógica, 7 
999 |c 218342  |d 218340 
952 |0 0  |1 0  |4 0  |6 153_400000000000000_PIA_1973  |7 0  |8 P  |9 207764  |a BIBEDU  |b BIBEDU  |c BIBEDU_PB  |d 2019-11-15  |i 2755807  |o 153.4 PIA 1973  |p 2755807  |r 2024-01-25  |w 2019-11-15  |y BK  |k EDU 
952 |0 0  |1 0  |4 0  |6 153_400000000000000_PIA_1973  |7 0  |8 P  |9 207765  |a BIBEDU  |b BIBEDU  |c BIBEDU_PB  |d 2019-11-15  |i 1544209  |o 153.4 PIA 1973  |p 1544209  |r 2024-01-25  |w 2019-11-15  |y BK  |k EDU 
952 |0 0  |1 0  |4 0  |6 153_400000000000000_PIA_1973  |7 0  |8 A  |9 207766  |a FDOPOS  |b FDOPOS  |d 2019-11-15  |i 436080K  |o 153.4 PIA 1973  |p 436080K  |r 2025-01-22  |w 2019-11-15  |y BK  |k MLA